00331nam a2200133Ia 4500003000400000008004100004020002300045040000800068100001600076245005500092260002500147300001300172365001200185LDD181029s9999 xx 000 0 und d a947798358cP 70.00 cLDD aOgden, Jack 0aIntelligent layman's book of jewellerycJack Ogden aLondonbLaymanc2006 av. 259p. bP 70.00